| 000 | 01870cam a22004694a 4500 | ||
|---|---|---|---|
| 001 | 14297256 | ||
| 003 | OSt | ||
| 005 | 20210417110109.0 | ||
| 008 | 060313s2006 njua b 001 0 eng | ||
| 010 | _a 2006273395 | ||
| 020 | _a9780471715382 (pbk. : alk. paper) | ||
| 020 | _a0471715387 (pbk. : alk. paper) | ||
| 040 |
_aDLC _cDLC _dDLC |
||
| 042 | _apcc | ||
| 050 | 0 | 0 |
_aHD30.2 _b.P4 2006 |
| 080 |
_a681.1 _bP-36 |
||
| 082 | 0 | 0 |
_a658.4/038 _222 |
| 100 | 1 | _aPearlson, Keri E. | |
| 245 | 1 | 0 |
_aManaging and using information systems : _ba strategic approach / _cKeri E. Pearlson, Carol S. Saunders. |
| 246 | 1 | 4 | _aManaging & using information systems |
| 250 | _a3rd ed. | ||
| 260 |
_aHoboken, NJ : _bWiley, _cc2006. |
||
| 300 |
_ax, 369 p. : _bill. ; _c23 cm. |
||
| 504 | _aIncludes bibliographical references and index. | ||
| 650 | 0 | _aKnowledge management. | |
| 650 | 0 |
_aInformation technology _xManagement. |
|
| 650 | 0 | _aManagement information systems. | |
| 650 | 0 |
_aInternet _9459 |
|
| 650 | 0 | _aElectronic commerce. | |
| 653 | _aცოდნის მართვა | ||
| 653 | _aინფორმაციული ტექნოლოგიები | ||
| 653 | _aელექტრონული კომერცია | ||
| 653 | _aმართვა | ||
| 653 | _aინტერნეტი | ||
| 700 | 1 | _aSaunders, Carol S. | |
| 856 | 4 | 2 |
_3Publisher description _uhttp://www.loc.gov/catdir/enhancements/fy0645/2006273395-d.html |
| 856 | 4 | 1 |
_3Table of contents only _uhttp://www.loc.gov/catdir/enhancements/fy0653/2006273395-t.html |
| 856 | 4 | 2 |
_3Contributor biographical information _uhttp://www.loc.gov/catdir/enhancements/fy0658/2006273395-b.html |
| 906 |
_a7 _bcbc _corigcop _d3 _encip _f20 _gy-gencatlg |
||
| 942 |
_2udc _cBK _e3 |
||
| 999 |
_c188 _d188 |
||